000 nam a22 7a 4500
999 _c330003
_d330003
003 NUST
005 20170602123433.0
008 170602b xxu||||| |||| 00| 0 eng d
040 _c0
082 _a150
100 _4George A. Miller
245 _aPsychology the science of mental life
_cGeorge A. Miller
260 _aLondon
_bPenguin books
_c1982
300 _a415p
942 _2ddc
_cBK